Blackness the Color of Red: Negotiating Race at the US Legation in Riga, Latvia, 1922-33
| Titel: | Blackness the Color of Red: Negotiating Race at the US Legation in Riga, Latvia, 1922-33 / Maxim Matusevich |
|---|---|
| Verfasser: | |
| In: |
Journal of contemporary history, Band 52, Heft 4 (2017), Seite 832-852 alle Artikel anzeigen |
| Veröffentlicht: | 2017 |
| Format: | Aufsatz |
| Sprache: | Englisch |
X
alg: 49418100
001A $03025:04-05-22
001B $01999:04-05-22 $t22:30:46.000
001D $03025:04-05-22
001U $0utf8
001X $00
002@ $0Oou
002C $aText $btxt $2rdacontent
002D $aComputermedien $bc $2rdamedia
002E $aOnline-Ressource $bcr $2rdacarrier
003@ $0494181001
007A $0494181001 $aHEB
009Q $uhttps://doi.org/10.1177/0022009417723976 $xH
010@ $aeng
010E $erda
011@ $a2017
021A $aBlackness the Color of Red: Negotiating Race at the US Legation in Riga, Latvia, 1922-33 $hMaxim Matusevich
028A $BVerfasser $4aut $8Matusevich, Maxim [Tp3] $947088858X
031A $d52 $e4 $h832-852 $j2017
039B $aEnthalten in $8--Obvc--. Journal of contemporary history. - London {[u.a.] : Sage Publ., 1966-. - Online-Ressource. - ISSN 1461-7250 $x201700000520004168 $9083774181
044K $#Riga $#Rīga $#Ryga $#Riega $#Riga in Lieffland $#Rigae Livonum $#Rygae $#Righa $74050042-1 $8Riga [Tg1] $9085139726
044K $RPerson of Color $RSchwarze Frau $#Black people $#Black race $#Noirs $#Race négroïde $#Neri $#Raza negra $#Negros $#Schwarze Menschen $#Neger $#Schwarze Rasse $#Schwarzer $#Mohr $#Schwarze Menschen $74116433-7 $8Schwarze [Tsz] $9085355240
044K $RKonföderierte Staaten von Amerika $#USA $#USA $#United States of America $#Vereinigte Staaten von Amerika $#Nordamerika USA $#Amerika USA $#United States $#United States of America $#Etats Unis $#Etats-Unis $#Vereinigte Staaten $#Estados Unidos de America $#EEUU $#Vereinigte Staaten von Nordamerika $#Soedinennye Štaty Ameriki $#SŠA $#Stany Zjednoczone Ameryki Północnej $#Hēnōmenai Politeiai tēs Boreiu Amerikēs $#Hēnōmenes Politeies tēs Amerikēs $#HēPA $#Ēnōmenes Politeies tēs Amerikēs $#ĒPA $#Meiguo $#Etats-Unis d'Amérique $#US $74078704-7 $8USA [Tgz] $908522331X
044K $RRassentheorie $RAntirassismus $RRassenfrage $RRassendiskriminierung $#Racism $#Racisme $#Razzismo $#Racismo $#Ethnische Diskriminierung $#Rassismus $#Rassenideologie $#Rassenwahn $#Rassenvorurteil $74076527-1 $8Rassismus [Ts1] $9085216860
044K $RUrlauberin $#Voyageurs $#Tourist $#Tourist $#Urlaubsreisender $#Touristen $#Urlaubsgast $74187231-9 $8Urlauber [Ts1] $9085917303
045F $a306.09479609042 $eDDC23BSB
045F/01 $a306.09
045F/03 $f09042
045F/03 $f09043
045F/03 $g4796
045F/03 $g4708
045R $aGeschichte 1922-1933
lok: 49418100 78
exp: 49418100 78 1 #EPN
201B/01 $004-05-22 $t11:00:44.000
201C/01 $004-05-22
201U/01 $0utf8
203@/01 $01198929014
208@/01 $a04-05-22 $be
209A/01 $a/ $f000 $x00
209A/01 $ab*p $x01
220C/01 $apgar
244Z/01 $#Lettland $#Lettland $#Latvija $#Latvijas Republika $#Lettische Republik $#Lettische SSR $#Latvijskaja SSR $74074187-4 $8--Tg1--Lettland $x01 $9085208876
244Z/01 $#Sowjetunion $#UdSSR $#Советский Союз $#UdSSR $#SSSR $#Republik-Republik Kesatuan Soviet Sosialis $#Sojuz Sovetskich Socialističeskich Respublik $#Union der Sozialistischen Sowjet-Republiken $#Union der SSR $#Union of Soviet Socialist Republics $#USSR $#Union des Républiques Socialistes Soviétiques $#URSS $#Russland 1923-1991 $#Russia 1923-1991 $#Padomju Sociālistiko Republiku Savienība $#PSRS $#SSṘM $#ZSSR $#TSRS $#Savez Sovjetskih Socijalističkih Republika $#Soviet Union $#SSHM $#Sojuz Radjans'kich Sozialističnich Respublik $#SRSR $#Şyra Sosjalist Cumhyrijjẹtlẹri Ittifakĭ $#Šura Socialist Gümhurietleri Ittipaky $#Šura Sosyalist Ǧümhuriyetleri Ittifaqï $#SSCB $#Союз Советских Социалистических Республик $#СССР $74077548-3 $8--Tgz--Sowjetunion $x02 $9085219754
247C/01 $82080>Marburg/Lahn, Herder-Institut, Forschungsbibliothek, Bibliographieportal $9336309341
| LEADER | 00000caa a2200000 c 4500 | ||
|---|---|---|---|
| 001 | 494181001 | ||
| 003 | DE-603 | ||
| 005 | 20220504223046.0 | ||
| 007 | cr|||||||||||| | ||
| 008 | 220504s2017 xx |||| o| u00||u|eng c | ||
| 035 | |a (DE-599)HEB494181001 | ||
| 040 | |a DE-603 |b ger |c DE-603 |d DE-603 |e rda | ||
| 041 | |a eng | ||
| 082 | 0 | 4 | |8 1\u |a 306.09479609042 |q DE-101 |2 23/BSB |
| 085 | |8 1\u |b 306.09 | ||
| 085 | |8 1\u |z 1 |s 09042 | ||
| 085 | |8 1\u |z 1 |s 09043 | ||
| 085 | |8 1\u |z 2 |s 4796 | ||
| 085 | |8 1\u |z 2 |s 4708 | ||
| 100 | 1 | |a Matusevich, Maxim |e Verfasser |4 aut |0 (DE-603)47088858X |0 (DE-588)1220114847 |2 gnd | |
| 245 | 0 | 0 | |a Blackness the Color of Red: Negotiating Race at the US Legation in Riga, Latvia, 1922-33 |c Maxim Matusevich |
| 264 | 0 | |c 2017 | |
| 336 | |a Text |b txt |2 rdacontent | ||
| 337 | |a Computermedien |b c |2 rdamedia | ||
| 338 | |a Online-Ressource |b cr |2 rdacarrier | ||
| 648 | 7 | |a Geschichte 1922-1933 |2 gnd | |
| 650 | 7 | |a Schwarze |0 (DE-588)4116433-7 |0 (DE-603)085355240 |2 gnd | |
| 650 | 7 | |a Rassismus |0 (DE-588)4076527-1 |0 (DE-603)085216860 |2 gnd | |
| 650 | 7 | |a Urlauber |0 (DE-588)4187231-9 |0 (DE-603)085917303 |2 gnd | |
| 651 | 7 | |a Riga |0 (DE-588)4050042-1 |0 (DE-603)085139726 |2 gnd | |
| 651 | 7 | |a USA |0 (DE-588)4078704-7 |0 (DE-603)08522331X |2 gnd | |
| 773 | 0 | 8 | |i Enthalten in |t Journal of contemporary history |d London [u.a.] : Sage Publ., 1966- |h Online-Ressource |x 1461-7250 |g Band 52, Heft 4 (2017), Seite 832-852 |w (DE-603)083774181 |w (DE-600)1494064-4 |
| 856 | |u https://doi.org/10.1177/0022009417723976 |x Verlag | ||
| 924 | 1 | |9 2080 |a (DE-603)1198929014 |b DE-2080 |c HES |d d |g / | |


